000 00649nam a2200205 a 4500
001 000010722
005 20200929162300.0
008 091009s1976 dr ac 000 0 spa d
040 _aDO-SdBNP
082 _axxx
_bC574l
245 0 0 _a50 años de labor :
_bsociedad luz y progreso /
_cpresentación Virgilio Hoepelman.
246 0 0 _aCincuenta años de labor
260 _aBani :
_bEditora Cultural Dominicana,
_c1976.
300 _a155 p. :
_bil., retr. ;
_c22 cm.
490 1 _aCincuentenario
_vvol. 1
590 _a3 ejemplares ortografiados
700 1 _aHoepelman, Virgilio
_911257
830 0 _aCincuentenario
_vvol. 1
_925934
049 _aBNPD
999 _c10477
_d10477